000 00428cam a2200181ua 4500
001 8133
008 150109n ii |||gr||||Z||||||hin
040 _cMAIN
041 _ahin
082 _a891.434
100 _aKumar, J.,
_eAuthor.
245 1 _aYe aur ve
_cBy Jainendra Kumar
250 _a1st.
260 _aDelhi:
_bPurvudaya,
_c1977.
300 _a186p.
653 _aEast Indo-European & Celtic literatures
942 _cBK
999 _c7248
_d7248